Chemistry for Environmental Engineering and Science / (Record no. 2170)
[ view plain ]
| 000 -LEADER | |
|---|---|
| fixed length control field | 01462nac a22003731u 4500 |
| 008 - FIXED-LENGTH DATA ELEMENTS--GENERAL INFORMATION | |
| fixed length control field | 100913t2003 mauab||frb||| 001 0 eng d |
| 010 ## - LIBRARY OF CONGRESS CONTROL NUMBER | |
| LC control number | 2002025494 |
| 020 ## - INTERNATIONAL STANDARD BOOK NUMBER | |
| International Standard Book Number | 0072480661 (alk. paper) |
| 020 ## - INTERNATIONAL STANDARD BOOK NUMBER | |
| International Standard Book Number | 0071198881 (ISE) |
| 020 ## - INTERNATIONAL STANDARD BOOK NUMBER | |
| International Standard Book Number | 9780071198882 |
| 040 ## - CATALOGING SOURCE | |
| Original cataloging agency | EG-ScBUE |
| Language of cataloging | eng |
| Transcribing agency | EG-ScBUE |
| 082 04 - DEWEY DECIMAL CLASSIFICATION NUMBER | |
| Classification number | 628.0154 |
| Item number | SAW |
| Edition number | 22 |
| 100 1# - MAIN ENTRY--PERSONAL NAME | |
| Personal name | Sawyer, Clair N. |
| 9 (RLIN) | 18980 |
| 245 10 - TITLE STATEMENT | |
| Title | Chemistry for Environmental Engineering and Science / |
| Statement of responsibility, etc | Clair N. Sawyer, Perry L. McCarty, Gene F. Parkin. |
| 250 ## - EDITION STATEMENT | |
| Edition statement | 5th ed. |
| 260 ## - PUBLICATION, DISTRIBUTION, ETC. (IMPRINT) | |
| Place of publication, distribution, etc | Boston : |
| Name of publisher, distributor, etc | McGraw-Hill, |
| Date of publication, distribution, etc | 2003. |
| 300 ## - PHYSICAL DESCRIPTION | |
| Extent | xv, 752 p. : |
| Other physical details | ill., map ; |
| Dimensions | 24 cm. |
| 490 0# - Series Statement | |
| Series statement | The McGraw-Hill series in civil and environmental engineering |
| 500 ## - GENERAL NOTE | |
| General note | Index : p. 742-752. |
| 500 ## - GENERAL NOTE | |
| General note | Appendix : p. 729-741. |
| 504 ## - BIBLIOGRAPHY, ETC. NOTE | |
| Bibliography, etc | Includes bibliographical references. |
| 590 ## - LOCAL NOTE (RLIN) | |
| Local note | Menna Elemam. |
| 650 #0 - SUBJECT ADDED ENTRY--TOPICAL TERM | |
| Topical term or geographic name as entry element | Environmental chemistry. |
| 9 (RLIN) | 18982 |
| Source of heading or term | BUEsh |
| 650 #0 - SUBJECT ADDED ENTRY--TOPICAL TERM | |
| Topical term or geographic name as entry element | Environmental chemistry |
| Form subdivision | Laboratory manuals. |
| 9 (RLIN) | 18983 |
| Source of heading or term | BUEsh |
| 650 #0 - SUBJECT ADDED ENTRY--TOPICAL TERM | |
| Topical term or geographic name as entry element | Sanitary engineering. |
| 9 (RLIN) | 18984 |
| Source of heading or term | BUEsh |
| 650 #0 - SUBJECT ADDED ENTRY--TOPICAL TERM | |
| Topical term or geographic name as entry element | Sanitary engineering |
| Form subdivision | Laboratory manuals. |
| 9 (RLIN) | 18985 |
| Source of heading or term | BUEsh |
| 651 ## - SUBJECT ADDED ENTRY--GEOGRAPHIC NAME | |
| Source of heading or term | BUEsh |
| 653 ## - INDEX TERM--UNCONTROLLED | |
| Resource For college | Engineering, Chemical |
| Arrived date list | August2015 |
| 700 1# - ADDED ENTRY--PERSONAL NAME | |
| Personal name | McCarty, Perry L. |
| 9 (RLIN) | 18986 |
| 700 1# - ADDED ENTRY--PERSONAL NAME | |
| Personal name | Parkin, Gene F. |
| 9 (RLIN) | 18987 |
| 856 42 - ELECTRONIC LOCATION AND ACCESS | |
| Materials specified | Publisher description |
| Uniform Resource Identifier | <a href="http://www.loc.gov/catdir/description/mh024/2002025494.html">http://www.loc.gov/catdir/description/mh024/2002025494.html</a> |
| 856 42 - ELECTRONIC LOCATION AND ACCESS | |
| Materials specified | Table of contents |
| Uniform Resource Identifier | <a href="http://www.loc.gov/catdir/toc/mh023/2002025494.html">http://www.loc.gov/catdir/toc/mh023/2002025494.html</a> |
| 942 ## - ADDED ENTRY ELEMENTS (KOHA) | |
| Item type | Book - Borrowing |
| Call number prefix | 628.0154 SAW |
| Source of classification or shelving scheme | Dewey Decimal Classification |
| Withdrawn status | Item status | Source of classification or shelving scheme | Damaged status | Not for loan | Vendor | Home library | Current library | Shelving location | Date acquired | Source of acquisition | Total Checkouts | Full call number | Barcode | Date last seen | Koha item type |
|---|---|---|---|---|---|---|---|---|---|---|---|---|---|---|---|
| Dewey Decimal Classification | Central Library | Central Library | First floor | 13/09/2010 | 628.0154 SAW | 000002020 | 15/07/2025 | Book - Borrowing | |||||||
| Dewey Decimal Classification | Central Library | Central Library | First floor | 12/02/2007 | Purchase | 628.0154 SAW | 000001566 | 15/07/2025 | NB - Book (Non borrowing) |